Countries of Artists - Statistics

General Stats
  • This quiz has been taken 45 times
  • The average score is 14 of 18
Answer Stats
Artists Country % Correct
The Beatles, Adele United Kingdom
100%
Drake, Celine Dion Canada
95%
ABBA, Avicii Sweden
93%
Wolfgang Amadeus Mozart, Falco Austria
90%
Andrea Bocelli, Måneskin Italy
90%
AC/DC, Kylie Minogue Australia
88%
Shakira, J Balvin Colombia
85%
BTS, BLACKPINK South Korea
85%
U2, The Cranberries Ireland
83%
Rosalía, Enrique Iglesias Spain
83%
Rammstein, Scorpions Germany
78%
Daft Punk, David Guetta France
73%
A-ha, Aurora Norway
73%
Hikura Utada, Babymetal Japan
68%
Stromae, Angèle Belgium
63%
Lorde, Crowded House New Zealand
61%
Dua Lipa, Rita Ora Albania
56%
Martin Garrix, André Hazes Netherlands
49%
No matching quizzes found
Score Distribution
Percent of People with Each Score
Percentile by Number Answered
Your Score History
You have not taken this quiz